000 01767nam0a2200373 4500
001 RU\NLR\bibl\610966
005 20260406162537.0
010 _a5-88060-020-3
_96000
021 _aRU
_b2004-42996
_92137
035 _aRSL-KNO-002453701
035 _a(NLR Aleph) 000602863
090 _a6531
_c6531
100 _a20040722d2004 |||y0rusy50 ca
101 1 _arus
_cscc
102 _aRU
105 _aa |||||||||
106 _ar
200 1 _aСербский народ как раб Божий
_fСв. Николай Сербский
_g[пер. с серб. И. Числова]
210 _aМ.
_cПаломник
_d2004
_eТип. АО Мол. гвардия
215 _a141,[2] с.
_cил., портр.
_d16
601 0 2 _aСербская православная церковь
_91962260
_3RU\NLR\auth\66898352
610 0 _aИстория. Исторические науки -- История зарубежных стран -- Югославия -- История отдельных народов Югословии -- История сербов
610 0 _aРелигия -- Христианство -- Православие -- Сербская православная церковь -- История Сербской православной церкви
686 _aТ3(4Ю9=Серб)0,02
_2rubbk
686 _aЭ372.25-3,0
_2rubbk
686 _aЭ372.25-3
700 0 _4070
_7ca
_8rus
_aНиколай
_cВелимирович, Никола
_cепископ Охридский и Жичский
_f1880-1956
_9119342
_3RU\NLR\AUTH\779514
801 0 _aRU
_bRuMoRKP
_c20040722
_grcr
801 1 _aRU
_bRuMoRGB
_c20040722
801 2 _aRU
_bNLR
_c20050217
_gPSBO
942 _cBOOK
980 _aNB